Real and functional analysis
Αποθηκεύτηκε σε:
| Κύριος συγγραφέας: | |
|---|---|
| Μορφή: | Βιβλίο |
| Γλώσσα: | English |
| Δημοσίευση: |
New York :
Springer-Verlag,
c1993
|
| Έκδοση: | 3rd ed |
| Σειρά: | Graduate texts in mathematics ;
; 142 |
| Θέματα: | |
| Ετικέτες: |
Προσθήκη ετικέτας
Δεν υπάρχουν, Καταχωρήστε ετικέτα πρώτοι!
|
MARC
| LEADER | 00000cam a2200000 i 4500 | ||
|---|---|---|---|
| 001 | 1/31338 | ||
| 008 | 941103s1993 eng d | ||
| 020 | |a 0387940014 | ||
| 035 | |l 10038801 | ||
| 035 | |a 1993 | ||
| 040 | |a GR-MY-UA |b gre |e aacr | ||
| 041 | 0 | |a eng | |
| 082 | 0 | |a 515. |2 (20) | |
| 100 | 1 | |a Lang, Serge |d 1927-2005. | |
| 245 | 1 | 0 | |a Real and functional analysis / |c Serge Lang |
| 250 | |a 3rd ed | ||
| 260 | |a New York : |b Springer-Verlag, |c c1993 | ||
| 300 | |a xiv, 580 p.; |c 24 cm | ||
| 490 | 1 | |a Graduate texts in mathematics |v ; 142 | |
| 500 | |a Rev. ed. of: Real analysis. 2nd ed. 1983 | ||
| 504 | |a Includes bibliographical references (p. [569]-571) and index | ||
| 650 | 0 | 0 | |a Mathematical analysis. |
| 830 | 0 | |a Graduate texts in mathematics ; |v ; 142 | |
| 852 | |a INST |b SAMOS |e 19941103 |h 515 LAN |p 005300006606 |q 005300006606 |t BK |y 0 | ||
| 852 | |a INST |b SAMOS |e 19941103 |h 515 LAN |p 005300006820 |q 005300006820 |t BK |y 0 | ||
| 909 | |a Σ |b 029530 | ||
| 909 | |a Σ |b 029371 | ||